[Event "Figueira da Foz 2009"]
[Site "Figueira da Foz"]
[Date "2009.12.04"]
[Round "7.10"]
[White "Babo, Miguel"]
[Black "Padeiro, José"]
[Result "0-1"]
[WhiteElo "1947"]
[BlackElo "2262"]
[PlyCount "70"]
[EventDate "2009.??.??"]

1. d4 Nf6 2. Nf3 e6 3. e3 b6 4. b3 Bb7 5. Bb2 c5 6. Nbd2 Nc6 7. a3 Be7 8. Bd3
O-O 9. O-O Rc8 10. c4 cxd4 11. exd4 d5 12. Qc2 Na5 13. Ne5 dxc4 14. bxc4 Nxc4
15. Ndxc4 b5 16. Qb3 bxc4 17. Qxb7 Rc7 18. Qf3 cxd3 19. Qxd3 Qd5 20. a4 Rb8 21.
Rfc1 Rxc1+ 22. Bxc1 Rd8 23. Qf1 Qxd4 24. Ba3 Qxe5 25. Bxe7 Rc8 26. Bxf6 Qxf6
27. Rb1 Qd4 28. Qb5 g6 29. Qb3 h5 30. g3 h4 31. Qb4 Rc1+ 32. Kg2 Qd5+ 33. f3
h3+ 34. Kf2 Rxb1 35. Qxb1 Qd2+ 0-1

[Event "Figueira da Foz 2009"]
[Site "Figueira da Foz"]
[Date "2009.12.04"]
[Round "7.11"]
[White "Pena, Hélio"]
[Black "Costa, João Guerra"]
[Result "0-1"]
[WhiteElo "1926"]
[BlackElo "2205"]
[PlyCount "58"]
[EventDate "2009.??.??"]

1. e4 c5 2. Nf3 e6 3. d4 cxd4 4. Nxd4 a6 5. a3 Nf6 6. Nc3 d6 7. Bd3 Be7 8. O-O
O-O 9. Nb3 b5 10. Be3 Bb7 11. f3 Nbd7 12. Rf2 Qc7 13. f4 Rad8 14. Qe2 Nc5 15.
Nd2 d5 16. e5 d4 17. exf6 dxe3 18. Bxh7+ Kxh7 19. Qh5+ Kg8 20. fxg7 exf2+ 21.
Kf1 f5 22. gxf8=Q+ Bxf8 23. Qg5+ Qg7 24. Qxg7+ Bxg7 25. Ndb1 Ne4 26. g3 Nxc3
27. Nxc3 Bxc3 28. bxc3 Rd2 29. c4 Be4 0-1

[Event "Figueira da Foz 2009"]
[Site "Figueira da Foz"]
[Date "2009.12.04"]
[Round "7.12"]
[White "Beltrán, Edda"]
[Black "Karlovich, Anastazia"]
[Result "1/2-1/2"]
[WhiteElo "1870"]
[BlackElo "2201"]
[PlyCount "88"]
[EventDate "2009.??.??"]

1. e4 e5 2. Nc3 Nf6 3. g3 d5 4. exd5 Nxd5 5. Bg2 Ne7 6. Nge2 Nbc6 7. h3 g6 8.
d3 Bg7 9. O-O O-O 10. Kh2 Be6 11. f4 Nf5 12. Ne4 Qe7 13. fxe5 Bxe5 14. Nf4 Rad8
15. Nxe6 Qxe6 16. c3 h5 17. Bf4 h4 18. d4 hxg3+ 19. Kh1 Bxf4 20. Rxf4 Kg7 21.
Qb3 Qxb3 22. axb3 Nce7 23. Rxa7 Ra8 24. Ra3 Nd5 25. Rf3 Rfe8 26. Nxg3 Re1+ 27.
Kh2 Nfe3 28. Rf2 Rh8 29. Bxd5 Ng4+ 30. Kg2 Ne3+ 31. Kh2 Ng4+ 32. Kg2 Nxf2 33.
Kxf2 Rb1 34. Ra2 Rxh3 35. Kg2 Rh8 36. Bxb7 f5 37. Kf3 Rh2 38. Ba6 Kf6 39. Bd3
Rg1 40. Ne2 Rg4 41. Ra6+ Kg5 42. Ke3 Rh3+ 43. Kd2 Rg2 44. Re6 Rh6 1/2-1/2

[Event "Figueira da Foz 2009"]
[Site "Figueira da Foz"]
[Date "2009.12.04"]
[Round "7.13"]
[White "Leite, Catarina"]
[Black "Aguiar, Henrique"]
[Result "1-0"]
[WhiteElo "2188"]
[BlackElo "1745"]
[PlyCount "57"]
[EventDate "2009.??.??"]

1. e4 c5 2. Nc3 e6 3. Nge2 a6 4. g3 Qc7 5. Bg2 Nc6 6. d3 Nf6 7. h3 Be7 8. O-O
d6 9. Be3 O-O 10. f4 Rb8 11. g4 h6 12. Ng3 Rd8 13. g5 hxg5 14. fxg5 Nd7 15. Nh5
Nce5 16. Ne2 b5 17. Qe1 Bb7 18. Qg3 Ng6 19. Nhf4 Nxf4 20. Nxf4 Ne5 21. g6 Bf6
22. Nh5 fxg6 23. Nxf6+ gxf6 24. Rxf6 Qg7 25. Raf1 Rf8 26. Bg5 Rbe8 27. c3 Kh7
28. Qh4+ Kg8 29. Bh6 1-0

[Event "Figueira da Foz 2009"]
[Site "Figueira da Foz"]
[Date "2009.12.04"]
[Round "7.14"]
[White "Maltez, Nuno"]
[Black "Neves, Pedro"]
[Result "0-1"]
[WhiteElo "2035"]
[BlackElo "2075"]
[PlyCount "82"]
[EventDate "2009.??.??"]

1. e4 c5 2. Nc3 g6 3. g3 Bg7 4. Bg2 Nc6 5. d3 d6 6. Be3 e5 7. f4 Nge7 8. Nf3
Nd4 9. O-O O-O 10. Qd2 Rb8 11. Nd1 b6 12. c3 Nxf3+ 13. Bxf3 Bb7 14. Nf2 f5 15.
Rad1 Qd7 16. d4 exd4 17. cxd4 c4 18. d5 fxe4 19. Bxe4 Nf5 20. Bxf5 Rxf5 21. Qc2
Rc8 22. Bd4 Rxd5 23. Bxg7 Qxg7 24. Rxd5 Bxd5 25. Ne4 Re8 26. Nc3 Ba8 27. Rd1
Qc7 28. Qf2 Qb7 29. Nd5 Qf7 30. Nc3 Qe6 31. a3 Qh3 32. Nd5 Qf5 33. Nc3 Re6 34.
Qd2 Qc5+ 35. Qf2 Qh5 36. Rd2 Bf3 37. Rd4 Qh3 38. Rd1 Bxd1 39. Nxd1 Qf5 40. Nc3
Qd3 41. h3 d5 0-1

[Event "Figueira da Foz 2009"]
[Site "Figueira da Foz"]
[Date "2009.12.04"]
[Round "7.15"]
[White "Cavaleiro, Daniel"]
[Black "Kasparova, Tatiana"]
[Result "1-0"]
[WhiteElo "1856"]
[BlackElo "2191"]
[PlyCount "93"]
[EventDate "2009.??.??"]

1. c4 c5 2. g3 d5 3. Bg2 Nf6 4. Nf3 Nc6 5. cxd5 Nxd5 6. O-O e5 7. d3 Be7 8. Nc3
Be6 9. Bd2 O-O 10. Rc1 Rc8 11. Ne4 b6 12. a3 f6 13. h4 Nc7 14. a4 Nd5 15. Nc3
Qd7 16. Kh2 Ndb4 17. b3 Rfd8 18. Ne1 Bf8 19. f4 exf4 20. Bxf4 Nd4 21. Rb1 Qf7
22. Bh3 Bxb3 23. Rxb3 Nxb3 24. Ne4 Nd4 25. Be5 Rc6 26. Bxd4 cxd4 27. Ng5 Qa2
28. Ne4 Nd5 29. Ng2 Nc3 30. Qc1 Qxa4 31. Qf4 Nxe4 32. dxe4 Qb5 33. Rf2 Qc5 34.
Qg4 a5 35. Rf5 Qe7 36. h5 Rc5 37. Nh4 Kh8 38. Ng6+ Kg8 39. Nxe7+ Bxe7 40. h6 g6
41. Rxc5 bxc5 42. Qe6+ Kf8 43. Qc4 Ra8 44. Be6 Rd8 45. Bg8 Ke8 46. Bxh7 g5 47.
Bf5 1-0

[Event "Figueira da Foz 2009"]
[Site "Figueira da Foz"]
[Date "2009.12.04"]
[Round "7.16"]
[White "Felicio, Fernando"]
[Black "Carapeto, Ricardo"]
[Result "1/2-1/2"]
[WhiteElo "1916"]
[BlackElo "1894"]
[PlyCount "33"]
[EventDate "2009.??.??"]

1. d4 d5 2. c4 c6 3. Nc3 Nf6 4. Bg5 e6 5. Nf3 Be7 6. e3 O-O 7. Bd3 Nbd7 8. c5
a5 9. O-O b5 10. cxb6 Qxb6 11. Na4 Qd8 12. Qc2 Bb7 13. Rac1 h6 14. Bxf6 Bxf6
15. a3 Be7 16. Rfe1 f5 17. Nc5 1/2-1/2

[Event "Figueira da Foz 2009"]
[Site "Figueira da Foz"]
[Date "2009.12.04"]
[Round "7.18"]
[White "Brandauer, Dorit"]
[Black "Rato, Eduardo"]
[Result "1-0"]
[WhiteElo "1840"]
[BlackElo "1787"]
[PlyCount "69"]
[EventDate "2009.??.??"]

1. Nf3 c5 2. g3 Nf6 3. Bg2 Nc6 4. O-O d5 5. d3 e5 6. Nbd2 Be7 7. c4 d4 8. a3
O-O 9. Rb1 a5 10. Ne1 Bg4 11. Ne4 Nd7 12. h3 Be6 13. e3 f5 14. Nd2 dxe3 15.
fxe3 Bg5 16. Qe2 f4 17. gxf4 exf4 18. Bxc6 fxe3 19. Bxd7 Qxd7 20. Rxf8+ Rxf8
21. Ndf3 Bf4 22. Bxe3 Bxh3 23. Bxf4 Rxf4 24. Qe5 Rf6 25. Qd5+ Qxd5 26. cxd5 Rd6
27. Ng2 g5 28. Ne3 Kg7 29. Kh2 Bd7 30. Nxg5 Rh6+ 31. Kg2 Rg6 32. Kf3 Rf6+ 33.
Ke4 Rg6 34. Ne6+ Kf7 35. Rf1+ 1-0

[Event "Figueira da Foz 2009"]
[Site "Figueira da Foz"]
[Date "2009.12.04"]
[Round "7.22"]
[White "Mendes, Carlos"]
[Black "Curado, António Mende"]
[Result "1-0"]
[WhiteElo "1813"]
[BlackElo "1730"]
[PlyCount "109"]
[EventDate "2009.??.??"]

1. e4 e5 2. Bb5 c6 3. Ba4 Nf6 4. Qe2 d6 5. Nf3 Nbd7 6. c3 Qc7 7. d3 h6 8. Nbd2
Be7 9. Nf1 Nf8 10. Ne3 Be6 11. O-O Ng6 12. Nf5 Bf8 13. Rd1 Ne7 14. N3h4 g5 15.
Nxe7 Qxe7 16. Nf3 Bg7 17. Bc2 Bg4 18. b4 O-O 19. Bb2 Nh5 20. h3 Nf4 21. Qe3 Bd7
22. Ne1 f5 23. Rd2 g4 24. Kh2 Rf6 25. Rad1 Raf8 26. c4 gxh3 27. g3 Ng6 28. d4
f4 29. gxf4 Rxf4 30. dxe5 Bxe5 31. Bxe5 Qxe5 32. Kh1 Nh4 33. Qg3+ Rg4 34. Qxe5
dxe5 35. Rxd7 Rxf2 36. Rxb7 Kh8 37. Bb3 Rg5 38. Rd8+ Rg8 39. Rxg8+ Kxg8 40. c5+
Kh8 41. Rxa7 Rf1+ 42. Kh2 Rxe1 43. Ra8+ Kg7 44. Kxh3 Rxe4 45. Rg8+ Kf6 46. Rg4
Re2 47. Rxh4 Kg5 48. Rg4+ Kf6 49. Kg3 h5 50. Rg8 e4 51. Kf4 Re1 52. Re8 Rf1+
53. Ke3 h4 54. Rxe4 Re1+ 55. Kf3 1-0

[Event "Figueira da Foz 2009"]
[Site "Figueira da Foz"]
[Date "2009.12.05"]
[Round "8.2"]
[White "Paunovic, Dragan"]
[Black "Petkov, Vladimir"]
[Result "1/2-1/2"]
[WhiteElo "2554"]
[BlackElo "2477"]
[PlyCount "30"]
[EventDate "2009.??.??"]

1. c4 Nf6 2. Nf3 e6 3. g3 d5 4. Bg2 Be7 5. O-O O-O 6. d4 dxc4 7. Qc2 a6 8. Qxc4
b5 9. Qc2 Bb7 10. Bf4 Nc6 11. Rd1 Nb4 12. Qc1 Nbd5 13. Nc3 Nxc3 14. Qxc3 Nd5
15. Qc2 c5 1/2-1/2

[Event "Figueira da Foz 2009"]
[Site "Figueira da Foz"]
[Date "2009.12.05"]
[Round "8.4"]
[White "Campora, Daniel"]
[Black "Romanishin, Oleg"]
[Result "1/2-1/2"]
[WhiteElo "2488"]
[BlackElo "2510"]
[PlyCount "27"]
[EventDate "2009.??.??"]

1. e4 e5 2. Nf3 Nc6 3. Nc3 Nf6 4. Bb5 Nd4 5. Nxd4 exd4 6. e5 dxc3 7. exf6 Qxf6
8. dxc3 c6 9. Bd3 Qe6+ 10. Be3 Bc5 11. O-O Bxe3 12. Re1 O-O 13. Rxe3 Qf6 14.
Qh5 1/2-1/2

[Event "Figueira da Foz 2009"]
[Site "Figueira da Foz"]
[Date "2009.12.05"]
[Round "8.5"]
[White "Dzhumaev, Marat"]
[Black "Galego, Luis"]
[Result "1/2-1/2"]
[WhiteElo "2528"]
[BlackElo "2446"]
[PlyCount "151"]
[EventDate "2009.??.??"]

1. e4 c5 2. Nf3 e6 3. Nc3 a6 4. d4 cxd4 5. Nxd4 Qc7 6. g3 Bb4 7. Nde2 Nf6 8.
Bg2 Be7 9. O-O d6 10. h3 Nc6 11. Be3 b5 12. g4 Bb7 13. Ng3 Ne5 14. g5 Nfd7 15.
Nce2 Rc8 16. Nd4 g6 17. b3 Nc6 18. Nde2 e5 19. Qd2 O-O 20. c3 Nc5 21. f4 exf4
22. Nxf4 Ne5 23. Nd5 Bxd5 24. exd5 f5 25. gxf6 Bxf6 26. Kh1 Bh4 27. Ne2 Ncd3
28. Kg1 Qe7 29. Nd4 Rxf1+ 30. Rxf1 Rf8 31. Rxf8+ Qxf8 32. Qe2 Nf4 33. Qf1 Nxg2
34. Qxf8+ Kxf8 35. Kxg2 Ke7 36. Ne6 Be1 37. Bd4 Nd7 38. Ng5 b4 39. cxb4 h6 40.
Ne6 Bxb4 41. Kf3 Nf6 42. Nc7 a5 43. a4 g5 44. Ke3 Bc5 45. Kd3 Bb4 46. Kc4 Ne4
47. Kd3 Nd2 48. Kc2 Nf3 49. Bb6 h5 50. Kd3 g4 51. hxg4 hxg4 52. Na6 Ne5+ 53.
Ke2 Bc3 54. Nb8 Kf6 55. Nc6 Nd7 56. Bc7 Nc5 57. Bxd6 Nxb3 58. Kd3 Ba1 59. Ke4
Nd2+ 60. Kf4 Nc4 61. Be7+ Kf7 62. Bc5 Bf6 63. Kxg4 Nb2 64. Bb6 Nxa4 65. Bxa5
Bc3 66. Bc7 Nc5 67. Kf5 Bf6 68. Nb4 Bh4 69. Bb6 Nb7 70. Nc6 Bg3 71. Nb4 Ke7 72.
Ba7 Kd7 73. Nd3 Bh2 74. Nb2 Nd6+ 75. Kg6 Nb5 76. Bc5 1/2-1/2

[Event "Figueira da Foz 2009"]
[Site "Figueira da Foz"]
[Date "2009.12.05"]
[Round "8.6"]
[White "Kasparov, Sergey"]
[Black "Bolhari, Orfeh"]
[Result "1-0"]
[WhiteElo "2483"]
[BlackElo "2166"]
[PlyCount "89"]
[EventDate "2009.??.??"]

1. d4 d5 2. Nf3 Bg4 3. Ne5 Bh5 4. c4 f6 5. Nf3 e6 6. Qb3 Nc6 7. e3 Bb4+ 8. Nc3
Nge7 9. Bd2 O-O 10. a3 Bxc3 11. Bxc3 Rb8 12. Be2 Kh8 13. O-O dxc4 14. Qxc4 Qd5
15. Qxd5 exd5 16. Rfc1 Nf5 17. Bd3 Nd6 18. Bb4 Rfd8 19. Bxd6 Rxd6 20. Rc3 Bg6
21. Bf1 Be8 22. Rac1 a5 23. Ne1 Re6 24. Nd3 g5 25. g3 Re7 26. Rc5 Rd8 27. b4
axb4 28. axb4 Bg6 29. b5 Bxd3 30. Bxd3 Na5 31. Rxc7 Rdd7 32. b6 Nc4 33. Rxd7
Rxd7 34. Bxc4 dxc4 35. Rxc4 Kg8 36. Rc7 Rf7 37. Kf1 Kf8 38. Ke2 Ke8 39. Rxf7
Kxf7 40. e4 Ke6 41. f4 Kd6 42. fxg5 fxg5 43. e5+ Kc6 44. e6 Kd6 45. d5 1-0

[Event "Figueira da Foz 2009"]
[Site "Figueira da Foz"]
[Date "2009.12.05"]
[Round "8.7"]
[White "Dias, Paulo"]
[Black "Diogo, Vasco"]
[Result "1-0"]
[WhiteElo "2391"]
[BlackElo "2316"]
[PlyCount "119"]
[EventDate "2009.??.??"]

1. d4 d5 2. c4 e5 3. dxe5 d4 4. Nf3 Nc6 5. g3 Be6 6. Bg2 Bxc4 7. O-O d3 8. exd3
Qxd3 9. Nc3 Qxd1 10. Rxd1 Bb4 11. Nd4 Nge7 12. Nxc6 Nxc6 13. Bxc6+ bxc6 14. Rd4
Bxc3 15. Rxc4 Ba5 16. Be3 O-O-O 17. Bxa7 Rhe8 18. b4 Bb6 19. Bxb6 cxb6 20.
Rxc6+ Kb7 21. Rd6 Rxd6 22. exd6 Kc6 23. Rd1 Kd7 24. Rd3 Ra8 25. a3 Rc8 26. Kg2
Rc2 27. h4 Rb2 28. g4 Rc2 29. Kg3 Rb2 30. h5 h6 31. Rf3 Ke6 32. Rd3 Kd7 33. Kf3
Rc2 34. Ke3 Rc4 35. f3 Rc1 36. Kd2 Rc4 37. Rc3 Rf4 38. Ke3 Rf6 39. Rd3 Re6+ 40.
Kd2 Rf6 41. Kc3 Rf4 42. Kb3 f5 43. Ka4 fxg4 44. fxg4 Rxg4 45. Kb5 Rg5+ 46. Kxb6
Rxh5 47. a4 Rh4 48. Rb3 Rd4 49. a5 Rxd6+ 50. Kb7 Ke7 51. a6 Rd7+ 52. Kb6 Rd6+
53. Kb5 Rd8 54. a7 h5 55. Rh3 g6 56. Ka6 Rd6+ 57. Ka5 Rd1 58. b5 Ra1+ 59. Kb6
Kf6 60. Kb7 1-0

[Event "Figueira da Foz 2009"]
[Site "Figueira da Foz"]
[Date "2009.12.05"]
[Round "8.9"]
[White "Padeiro, José"]
[Black "Neves, Pedro"]
[Result "1-0"]
[WhiteElo "2262"]
[BlackElo "2075"]
[PlyCount "135"]
[EventDate "2009.??.??"]

1. d4 c5 2. d5 d6 3. e4 Nf6 4. Nc3 a6 5. a4 e6 6. Nf3 g6 7. dxe6 Bxe6 8. Ng5
Qd7 9. Bf4 Nc6 10. Be2 Nd4 11. O-O Bg7 12. Nxe6 Qxe6 13. Nd5 Nxe2+ 14. Kh1
O-O-O 15. Bg5 Nd4 16. c3 Nc6 17. f4 Ne7 18. f5 Qe5 19. Nb6+ Kc7 20. Qb3 Rhe8
21. Nc4 Qxe4 22. Qb6+ Kb8 23. Nxd6 Qc6 24. Qxc6 Nxc6 25. Nxe8 Rxe8 26. fxg6 Ne4
27. gxf7 Rf8 28. Bh4 Nd6 29. Bf2 b6 30. a5 Rxf7 31. axb6 Ne4 32. Bh4 Rxf1+ 33.
Rxf1 Ne5 34. Re1 Nd6 35. Bg3 Ndf7 36. b4 cxb4 37. cxb4 Kb7 38. Bf2 Bf8 39. Bc5
Bh6 40. g4 Bg5 41. h3 Nd7 42. Rf1 Nfe5 43. Rf5 h6 44. Kg2 Kc6 45. Kg3 Ng6 46.
Bd4 Nxb6 47. Rc5+ Kb7 48. b5 Nf4 49. bxa6+ Kxa6 50. Rc3 Ne6 51. Bg1 Bf4+ 52.
Kh4 Bg5+ 53. Kg3 Bf4+ 54. Kf3 Bc7 55. Rc6 Ng5+ 56. Kg2 Kb7 57. Rxh6 Nd5 58. h4
Nf4+ 59. Kf1 Ne4 60. Be3 Ng3+ 61. Kf2 Nd3+ 62. Kg2 Ne1+ 63. Kh3 Nf1 64. Bf2 Nd3
65. Kg2 Nd2 66. Bg3 Bb6 67. Rd6 Ne1+ 68. Bxe1 1-0

[Event "Figueira da Foz 2009"]
[Site "Figueira da Foz"]
[Date "2009.12.05"]
[Round "8.10"]
[White "Costa, João Guerra"]
[Black "Leite, Catarina"]
[Result "0-1"]
[WhiteElo "2205"]
[BlackElo "2188"]
[PlyCount "88"]
[EventDate "2009.??.??"]

1. e4 e5 2. Nf3 Nc6 3. Bb5 a6 4. Ba4 Nf6 5. O-O b5 6. Bb3 Be7 7. d3 O-O 8. c3
Re8 9. Re1 Bb7 10. Nbd2 Bf8 11. Nf1 Na5 12. Bc2 c5 13. Bg5 h6 14. Bh4 Qb6 15.
Qd2 Nh5 16. Ne3 Qg6 17. Bg3 Nxg3 18. hxg3 Rac8 19. Rf1 Qe6 20. Nh4 c4 21. d4
exd4 22. cxd4 c3 23. bxc3 Bxe4 24. Bxe4 Qxe4 25. Rfe1 Qc6 26. Rac1 Nc4 27. Nxc4
Qxc4 28. Rc2 Rc6 29. Nf5 Qd5 30. Ne3 Qg5 31. d5 Rc7 32. c4 bxc4 33. Rec1 Ba3
34. Rb1 Bc5 35. Qa5 Rcc8 36. Nxc4 Qf5 37. Rbc1 Qxd5 38. Qxa6 Ra8 39. Nb6 Qc6
40. Nxa8 Qxa6 41. Nc7 Bxf2+ 42. Rxf2 Qa3 43. Rcf1 Kf8 44. Nb5 Qc5 0-1

[Event "Figueira da Foz 2009"]
[Site "Figueira da Foz"]
[Date "2009.12.05"]
[Round "8.11"]
[White "Karlovich, Anastazia"]
[Black "Cavaleiro, Daniel"]
[Result "1-0"]
[WhiteElo "2201"]
[BlackElo "1856"]
[PlyCount "57"]
[EventDate "2009.??.??"]

1. e4 e6 2. d4 d5 3. e5 c5 4. dxc5 Bxc5 5. Qg4 g6 6. Nf3 Nc6 7. Bd3 Qc7 8. Qg3
a6 9. c3 Bf8 10. O-O Bg7 11. Re1 Nge7 12. b3 b5 13. Nbd2 O-O 14. Bb2 Qb6 15. h4
Bd7 16. Rac1 Rfc8 17. Qf4 Be8 18. Ba3 a5 19. Bd6 Rd8 20. c4 Nb4 21. Bb1 Nf5 22.
a3 Nxd6 23. c5 Qb7 24. cxd6 Nc6 25. h5 Rac8 26. Red1 Rd7 27. Qh4 h6 28. hxg6
fxg6 29. Qg4 1-0

[Event "Figueira da Foz 2009"]
[Site "Figueira da Foz"]
[Date "2009.12.05"]
[Round "8.12"]
[White "Redondo, Graciela"]
[Black "Beltrán, Edda"]
[Result "1/2-1/2"]
[WhiteElo "2077"]
[BlackElo "1870"]
[PlyCount "26"]
[EventDate "2009.??.??"]

1. e4 c5 2. c3 d5 3. exd5 Qxd5 4. d4 cxd4 5. cxd4 e5 6. dxe5 Qxe5+ 7. Be2 Bg4
8. Nc3 Bxe2 9. Qxe2 Qxe2+ 10. Ngxe2 Nc6 11. O-O O-O-O 12. Bf4 Nf6 13. Rac1 a6
1/2-1/2

[Event "Figueira da Foz 2009"]
[Site "Figueira da Foz"]
[Date "2009.12.05"]
[Round "8.13"]
[White "Durão, Joaquim"]
[Black "Brandauer, Dorit"]
[Result "0-1"]
[WhiteElo "2029"]
[BlackElo "1840"]
[PlyCount "130"]
[EventDate "2009.??.??"]

1. e4 d6 2. d4 Nf6 3. Nc3 g6 4. f3 Bg7 5. Be3 O-O 6. Qd2 e5 7. d5 c5 8. g4 a6
9. O-O-O b5 10. h4 Nbd7 11. h5 Nb6 12. Bh6 Qc7 13. Qg5 Bxh6 14. Qxh6 b4 15.
Nce2 c4 16. Kb1 Na4 17. Nh3 Rb8 18. Qe3 b3 19. axb3 cxb3 20. cxb3 Nc5 21. Nc1
a5 22. Qc3 Qb6 23. Bc4 Ba6 24. Rh2 Rfc8 25. hxg6 fxg6 26. Ng5 Nxb3 27. Qxb3
Bxc4 28. Qxb6 Rxb6 29. Rc2 Ba6 30. Rxc8+ Bxc8 31. Rd3 Bd7 32. Rb3 Rxb3 33. Nxb3
a4 34. Nd2 h5 35. Nc4 Ne8 36. Nb6 Bb5 37. gxh5 gxh5 38. Kc2 Kg7 39. Kd2 Kf6 40.
Nh3 Ng7 41. Nc8 Ne8 42. Ke1 Bd7 43. Nb6 Bxh3 44. Nxa4 Bd7 45. Nc3 h4 46. Kf2
Nc7 47. Nd1 Nb5 48. Ne3 Kg5 49. Ng2 h3 50. Ne1 Nd4 51. Kg3 Ne2+ 52. Kh2 Kf4 53.
b4 Nd4 54. Kh1 Nxf3 55. Nc2 Kxe4 56. b5 Bxb5 57. Ne3 Be2 58. Nf1 Ng5 59. Ng3+
Kf3 60. Nf5 Nf7 61. Kh2 Bf1 62. Kg1 Bg2 63. Nh4+ Ke4 64. Ng6 Kxd5 65. Nh4 e4
0-1

[Event "Figueira da Foz 2009"]
[Site "Figueira da Foz"]
[Date "2009.12.05"]
[Round "8.14"]
[White "Sousa, João"]
[Black "Babo, Miguel"]
[Result "1-0"]
[WhiteElo "1855"]
[BlackElo "1947"]
[PlyCount "45"]
[EventDate "2009.??.??"]

1. e4 c5 2. Nf3 Nf6 3. Nc3 e6 4. e5 Nd5 5. Nxd5 exd5 6. d4 Nc6 7. dxc5 Bxc5 8.
Qxd5 Qb6 9. Qd2 O-O 10. Bd3 d6 11. O-O dxe5 12. Qg5 f5 13. Bc4+ Kh8 14. Qh5 Be7
15. Bg5 Bc5 16. Nh4 Ne7 17. b4 Bd6 18. Bf7 Qc7 19. Bxe7 Rxf7 20. Bxd6 Qd7 21.
Bxe5 Qe6 22. Rfe1 Qd7 23. Rad1 1-0

[Event "Figueira da Foz 2009"]
[Site "Figueira da Foz"]
[Date "2009.12.05"]
[Round "8.15"]
[White "Carapeto, Ricardo"]
[Black "Pena, Hélio"]
[Result "0-1"]
[WhiteElo "1894"]
[BlackElo "1926"]
[PlyCount "90"]
[EventDate "2009.??.??"]

1. d4 d5 2. c4 c6 3. Nc3 Nf6 4. Nf3 g6 5. g3 Bg7 6. Bg2 O-O 7. O-O Re8 8. Ne5
e6 9. e4 b6 10. Bg5 Bb7 11. Ng4 h5 12. Nh6+ Bxh6 13. Bxh6 Ng4 14. Bc1 dxe4 15.
Nxe4 f5 16. Bg5 Qc7 17. Nc3 Nd7 18. h3 Ngf6 19. Qd2 Kf7 20. Rad1 Nf8 21. Rfe1
Rad8 22. Bf4 Qc8 23. d5 cxd5 24. cxd5 Bxd5 25. Bxd5 Nxd5 26. Nb5 Qc5 27. Nxa7
Rd7 28. Rc1 Nxf4 29. Qxd7+ Nxd7 30. Rxc5 Nxh3+ 31. Kg2 Nf4+ 32. gxf4 Nxc5 33.
Rd1 e5 34. b4 Ne4 35. f3 Nf6 36. Rd6 exf4 37. Kf2 Re6 38. Rd4 g5 39. Nc8 h4 40.
a4 h3 41. a5 bxa5 42. Nd6+ Kg6 43. bxa5 g4 44. a6 g3+ 45. Kf1 h2 0-1

[Event "Figueira da Foz 2009"]
[Site "Figueira da Foz"]
[Date "2009.12.05"]
[Round "8.18"]
[White "Andias, João"]
[Black "Maltez, Nuno"]
[Result "0-1"]
[WhiteElo "1800"]
[BlackElo "2035"]
[PlyCount "44"]
[EventDate "2009.??.??"]

1. f4 e5 2. fxe5 d6 3. exd6 Bxd6 4. Nf3 g5 5. g3 g4 6. Nh4 Ne7 7. d4 Ng6 8.
Nxg6 hxg6 9. Qd3 Bf5 10. e4 Qe7 11. Bg2 Nc6 12. c3 O-O-O 13. Be3 Rde8 14. Nd2
Rxh2 15. Kf2 Bxg3+ 16. Kf1 Rxh1+ 17. Bxh1 Bd7 18. Nb3 f5 19. e5 f4 20. Bxc6
Bxc6 21. Qxg6 Qh4 22. Bg1 Bb5+ 0-1

[Event "Figueira da Foz 2009"]
[Site "Figueira da Foz"]
[Date "2009.12.05"]
[Round "8.19"]
[White "Pais, Bruno"]
[Black "Rodrigues, Luis"]
[Result "1/2-1/2"]
[WhiteElo "1712"]
[BlackElo "1875"]
[PlyCount "33"]
[EventDate "2009.??.??"]

1. d4 d5 2. c4 e6 3. Nc3 c6 4. Nf3 Nf6 5. Bg5 Nbd7 6. e3 Be7 7. Qc2 O-O 8. Bd3
dxc4 9. Bxc4 b5 10. Bd3 Bb7 11. Rc1 a6 12. O-O c5 13. dxc5 Bxf3 14. gxf3 Nxc5
15. Bxf6 Bxf6 16. Bxh7+ Kh8 17. Rfd1 1/2-1/2

[Event "Figueira da Foz 2009"]
[Site "Figueira da Foz"]
[Date "2009.12.06"]
[Round "9.3"]
[White "Dias, Paulo"]
[Black "Spraggett, Kevin"]
[Result "0-1"]
[WhiteElo "2391"]
[BlackElo "2594"]
[PlyCount "87"]
[EventDate "2009.??.??"]

1. d4 Nf6 2. c4 e6 3. Nf3 c5 4. d5 d6 5. Nc3 exd5 6. cxd5 g6 7. e4 a6 8. a4 Bg4
9. Be2 Bxf3 10. Bxf3 Nbd7 11. O-O Bg7 12. Rb1 O-O 13. b4 c4 14. a5 Re8 15. Re1
Rc8 16. Bd2 Ne5 17. Be2 h5 18. Rc1 b5 19. axb6 Qxb6 20. Na4 Qd4 21. Bc3 Qxe4
22. Nb6 Rc7 23. Bxc4 Qf5 24. Bxe5 Rxe5 25. Bxa6 Ng4 26. Rf1 Ree7 27. Bc8 Qf4
28. Bxg4 hxg4 29. Nc8 Red7 30. Nb6 Re7 31. Nc8 Red7 32. b5 Bd4 33. b6 Rb7 34.
Rc6 Bc5 35. Qc1 Qf5 36. Rxc5 dxc5 37. Qxc5 Qe5 38. Qc6 Kg7 39. d6 Qe6 40. g3
Rb8 41. Rc1 Rd8 42. Qc3+ Kh7 43. Na7 Rxb6 44. Re1 0-1

[Event "Figueira da Foz 2009"]
[Site "Figueira da Foz"]
[Date "2009.12.06"]
[Round "9.5"]
[White "Leite, Catarina"]
[Black "Dzhumaev, Marat"]
[Result "0-1"]
[WhiteElo "2188"]
[BlackElo "2528"]
[PlyCount "74"]
[EventDate "2009.??.??"]

1. e4 c5 2. Nc3 Nc6 3. g3 g6 4. Bg2 Bg7 5. d3 Nf6 6. Be3 d6 7. h3 O-O 8. Nge2
Bd7 9. O-O b5 10. Qd2 b4 11. Nd1 Qc8 12. Kh2 Qa6 13. Bh6 c4 14. Bxg7 Kxg7 15.
dxc4 Qxc4 16. Ne3 Qc5 17. c3 bxc3 18. Nxc3 Rfc8 19. Ncd5 Nxd5 20. Nxd5 e6 21.
Ne3 Qd4 22. Rfd1 e5 23. Nf5+ Bxf5 24. exf5 Qxd2 25. Rxd2 Rab8 26. f6+ Kh6 27.
Rxd6 Nd4 28. b3 Rc2 29. g4 Rxf2 30. Kg3 Rd2 31. Ra6 Rc8 32. b4 Rc3+ 33. Kh2
Nf3+ 34. Kh1 Nh4 35. Rg1 Kg5 36. Ra5 Re3 37. Rc5 Ree2 0-1

[Event "Figueira da Foz 2009"]
[Site "Figueira da Foz"]
[Date "2009.12.06"]
[Round "9.10"]
[White "Felicio, Fernando"]
[Black "Sousa, João"]
[Result "1/2-1/2"]
[WhiteElo "1916"]
[BlackElo "1855"]
[PlyCount "44"]
[EventDate "2009.??.??"]

1. d4 Nf6 2. c4 c5 3. d5 b5 4. cxb5 a6 5. bxa6 Bxa6 6. Nf3 g6 7. g3 d6 8. Bg2
Bg7 9. O-O O-O 10. Nc3 Nbd7 11. Re1 Qa5 12. Qc2 Qc7 13. e4 Ng4 14. h3 Nge5 15.
Nxe5 Nxe5 16. b3 c4 17. Rb1 Nd3 18. Re3 Bd4 19. Nb5 Bxb5 20. Rxd3 Qc5 21. Rf3
cxb3 22. Qxb3 Be2 1/2-1/2

[Event "Figueira da Foz 2009"]
[Site "Figueira da Foz"]
[Date "2009.12.06"]
[Round "9.11"]
[White "Diogo, Vasco"]
[Black "Redondo, Graciela"]
[Result "1-0"]
[WhiteElo "2316"]
[BlackElo "2077"]
[PlyCount "105"]
[EventDate "2009.??.??"]

1. e4 e6 2. d4 d5 3. Nc3 Nf6 4. Bg5 Bb4 5. Nge2 dxe4 6. a3 Be7 7. Bxf6 Bxf6 8.
Nxe4 b6 9. g3 Nd7 10. Bg2 Rb8 11. c3 O-O 12. O-O c5 13. Qa4 Qc7 14. Rad1 Be7
15. d5 exd5 16. Rxd5 b5 17. Qd1 Nb6 18. Rd2 Nc4 19. Rc2 Bf5 20. Nf4 Rbd8 21.
Qh5 Qe5 22. Re2 g6 23. Qh6 Qg7 24. Qxg7+ Kxg7 25. Rfe1 Rd7 26. h3 h5 27. Bf3
Ne5 28. Kg2 Nxf3 29. Kxf3 Rfd8 30. g4 hxg4+ 31. hxg4 Bxe4+ 32. Rxe4 Bf6 33. Re8
Rxe8 34. Rxe8 Rd2 35. Re2 Rd1 36. Ke4 Rd6 37. Nd5 Bd8 38. f4 f6 39. f5 Rd7 40.
Nf4 gxf5+ 41. gxf5 Be7 42. Ne6+ Kf7 43. Rg2 b4 44. axb4 cxb4 45. c4 Rd1 46. c5
Re1+ 47. Kd4 Rc1 48. Kd5 a5 49. c6 Rd1+ 50. Kc4 Rd6 51. c7 Rc6+ 52. Kb5 Rc1 53.
Rg7+ 1-0

[Event "Figueira da Foz 2009"]
[Site "Figueira da Foz"]
[Date "2009.12.06"]
[Round "9.12"]
[White "Beltrán, Edda"]
[Black "Galvão, Henrique"]
[Result "0-1"]
[WhiteElo "1870"]
[BlackElo "2219"]
[PlyCount "46"]
[EventDate "2009.??.??"]

1. e4 e5 2. Nc3 f5 3. d3 Nf6 4. g3 Bb4 5. Bg2 c6 6. Nge2 d5 7. O-O O-O 8. h3
Na6 9. Kh2 d4 10. Nb1 Bd6 11. Nd2 Qe8 12. Nc4 Bc7 13. f4 fxe4 14. fxe5 Bg4 15.
exf6 exd3 16. f7+ Rxf7 17. Rxf7 dxe2 18. Rxg7+ Kxg7 19. Qxd4+ Kf7 20. Qxg4 e1=Q
21. b3 Q1e6 22. Qh5+ Kg8 23. Qg5+ Q8g6 0-1